[Event "Velka cena Tabora"]
[Site "?"]
[Date "2018.07.30"]
[Round "3.34"]
[White "Mosnicka, Jan"]
[Black "Rolinkova, Adela"]
[Result "1-0"]
[WhiteElo "1836"]
[BlackElo "1129"]
[PlyCount "109"]
[EventDate "2018.??.??"]

1. e3 d6 2. d4 Nf6 3. Nf3 g6 4. c4 Bg7 5. Nc3 O-O 6. g3 c5 7. Bg2 cxd4 8. Nxd4
e5 9. Nde2 Be6 10. Bxb7 Nbd7 11. Qxd6 Bxc4 12. O-O Rb8 13. Bg2 Qb6 14. Qxb6
Nxb6 15. e4 Rfd8 16. Bg5 Rd3 17. Rfd1 Rbd8 18. Rxd3 Rxd3 19. Re1 h6 20. Be3 Ng4
21. Bc1 Bf8 22. h3 Nf6 23. Be3 Kg7 24. Nc1 Rd8 25. Rd1 Rxd1+ 26. Nxd1 Bd6 27.
f3 Nfd7 28. Bf1 Bxf1 29. Kxf1 a6 30. b3 Bc5 31. Ke2 Kf8 32. Bxh6+ Kg8 33. Be3
Bxe3 34. Nxe3 Nc5 35. Nd3 Nxd3 36. Kxd3 Kf8 37. Kc3 Ke7 38. Kb4 Nd7 39. Nc4 f6
40. Ka5 Nc5 41. Kb6 Nd3 42. Kxa6 Nb4+ 43. Ka5 Nxa2 44. b4 Kd7 45. b5 Kc7 46. h4
Nc3 47. g4 Ne2 48. h5 gxh5 49. gxh5 Nf4 50. h6 Ng6 51. Ka6 Kb8 52. h7 Ka8 53.
Na5 Kb8 54. b6 Ka8 55. Nc6 1-0

[Event "Velka cena Tabora"]
[Site "?"]
[Date "2018.07.30"]
[Round "3.35"]
[White "Toman, Antonin"]
[Black "Kratochvil, Milos"]
[Result "1-0"]
[WhiteElo "1816"]
[BlackElo "1000"]
[PlyCount "65"]
[EventDate "2018.??.??"]

1. e4 e5 2. Nf3 Nc6 3. Bb5 a6 4. Ba4 Nf6 5. d4 exd4 6. e5 Nd5 7. Bb3 Nb6 8. O-O
h6 9. Nxd4 Be7 10. Nf5 Rg8 11. Re1 d5 12. Nxe7 Nxe7 13. Nc3 Be6 14. Be3 Nc4 15.
Bxc4 dxc4 16. Qe2 Nd5 17. Rad1 c6 18. Ne4 b6 19. Qxc4 Qc7 20. Nd6+ Ke7 21. Qe4
Rad8 22. f4 g6 23. Bf2 Rxd6 24. exd6+ Qxd6 25. c4 Qxf4 26. cxd5 Qxe4 27. Rxe4
cxd5 28. Rxd5 f5 29. Re1 Rc8 30. Bxb6 Kf7 31. Rc5 Rb8 32. Rc7+ Kf6 33. Bd4+ 1-0

[Event "Velka cena Tabora"]
[Site "?"]
[Date "2018.07.30"]
[Round "3.36"]
[White "Rolínkova, Lucie"]
[Black "Odehnal, Jaroslav"]
[Result "0-1"]
[WhiteElo "1540"]
[BlackElo "1974"]
[PlyCount "72"]
[EventDate "2018.??.??"]

1. e4 d5 2. exd5 Nf6 3. d4 Nxd5 4. Nf3 g6 5. Bc4 Bg7 6. Bxd5 Qxd5 7. Nc3 Qc4 8.
Bf4 c5 9. Ne5 Bxe5 10. Bxe5 f6 11. Bxb8 Rxb8 12. dxc5 Qxc5 13. O-O Kf7 14. Re1
e5 15. Re3 b6 16. Qe2 Bb7 17. Rd1 Rhd8 18. Red3 Rd4 19. Rxd4 exd4 20. Ne4 Bxe4
21. Qxe4 Re8 22. Qd3 Qa5 23. Qc4+ Kg7 24. h3 Re1+ 25. Rxe1 Qxe1+ 26. Qf1 Qd2
27. Qb1 a5 28. b3 Kf7 29. a3 Ke6 30. b4 axb4 31. Qxb4 Qxb4 32. axb4 Kd5 33. Kf1
Kc4 34. Ke2 Kc3 35. Kd1 Kxb4 36. Kd2 Kc4 0-1

[Event "Velka cena Tabora"]
[Site "?"]
[Date "2018.07.30"]
[Round "3.37"]
[White "Vojta, Ladislav"]
[Black "Zidu, Jan"]
[Result "0-1"]
[WhiteElo "1468"]
[BlackElo "1913"]
[PlyCount "132"]
[EventDate "2018.??.??"]

1. b4 e6 2. Bb2 Nf6 3. b5 a6 4. a4 axb5 5. axb5 Rxa1 6. Bxa1 d5 7. e3 Be7 8.
Nf3 c5 9. c4 O-O 10. d4 Ne4 11. Nbd2 Qa5 12. Qc1 Nd7 13. Bd3 cxd4 14. Bxd4 Ndc5
15. Qc2 Nxd3+ 16. Qxd3 Bb4 17. Ke2 Nc3+ 18. Bxc3 Bxc3 19. Rd1 Rd8 20. c5 Bd7
21. Rb1 Bf6 22. Qb3 e5 23. Qb4 Qc7 24. b6 Qb8 25. h3 Rc8 26. Nb3 Bf5 27. Rc1
Bd7 28. Rd1 Be6 29. Rc1 Be7 30. Qb5 d4 31. exd4 Bxb3 32. Qxb3 exd4 33. Nxd4
Bxc5 34. Nf3 Rc6 35. Qb5 Qd6 36. Rd1 Qe7+ 37. Kf1 h6 38. Re1 Qd8 39. Rc1 Qd6
40. Qe2 Qe6 41. Qb5 Qd6 42. Ne1 Bxb6 43. Rxc6 Qxc6 44. Qxc6 bxc6 45. Nc2 Kf8
46. g4 Ke7 47. f4 Ke6 48. Ke2 Kd5 49. Kd3 g6 50. Nb4+ Kd6 51. Ke4 Bd8 52. f5 g5
53. Nd3 Bf6 54. Nb4 Bc3 55. Nc2 f6 56. Kd3 Ba5 57. Ne3 Bd8 58. Nc4+ Kd5 59.
Ne3+ Ke5 60. Ng2 Bb6 61. h4 Bf2 62. hxg5 hxg5 63. Ke2 Bb6 64. Kd3 Ba7 65. Ke2
Ke4 66. Kd2 Kf3 0-1

[Event "Velka cena Tabora"]
[Site "?"]
[Date "2018.07.30"]
[Round "3.38"]
[White "Ruta, Vit"]
[Black "Flajsman, Pavel"]
[Result "0-1"]
[WhiteElo "1384"]
[BlackElo "1828"]
[PlyCount "106"]
[EventDate "2018.??.??"]

1. e4 c6 2. d4 d5 3. exd5 cxd5 4. Nf3 Nf6 5. Nc3 Nc6 6. Bb5 Bg4 7. h3 Bxf3 8.
Qxf3 e6 9. Bg5 Be7 10. O-O O-O 11. Bxc6 bxc6 12. Qg3 Kh8 13. Rfe1 h6 14. Be3
Rb8 15. Rab1 Bb4 16. Bd2 Qe7 17. Qh4 Nd7 18. Qxe7 Bxe7 19. Ne2 c5 20. Bc3 Nb6
21. b3 Rbc8 22. Bb2 cxd4 23. Nxd4 Bf6 24. Re2 a6 25. f4 Nd7 26. b4 Rc4 27. c3
Bxd4+ 28. cxd4 Rfc8 29. a3 Nf6 30. Ree1 Kg8 31. Rbc1 Kf8 32. Rxc4 Rxc4 33. Rc1
Ke7 34. Kf2 Kd6 35. Ke3 Kc6 36. a4 Rxc1 37. Bxc1 Nd7 38. Kd3 Nb6 39. a5 Nc4 40.
Kc3 Kb5 41. Kb3 Nd6 42. Bd2 Ne4 43. Be1 Nd6 44. g4 Nc4 45. h4 Ne3 46. g5 Nf5
47. Bf2 h5 48. Kc3 Ka4 49. Be1 Ne7 50. Bg3 Nf5 51. Be1 g6 52. Bf2 Ne7 53. Bg3
Nc6 0-1

[Event "Velka cena Tabora"]
[Site "?"]
[Date "2018.07.30"]
[Round "3.39"]
[White "Habada, Jindrich"]
[Black "Kuta, Miroslav"]
[Result "1/2-1/2"]
[WhiteElo "1803"]
[BlackElo "1725"]
[PlyCount "36"]
[EventDate "2018.??.??"]

1. e4 c6 2. d4 d5 3. e5 Bf5 4. Ne2 e6 5. Ng3 Bg6 6. h4 h6 7. h5 Bh7 8. Bd3 Bxd3
9. Qxd3 Nd7 10. c3 c5 11. f4 cxd4 12. cxd4 Bb4+ 13. Bd2 Bxd2+ 14. Nxd2 Ne7 15.
O-O O-O 16. f5 Nxf5 17. Nxf5 exf5 18. Rxf5 Rc8 1/2-1/2

[Event "Velka cena Tabora"]
[Site "?"]
[Date "2018.07.30"]
[Round "3.40"]
[White "Kukacka, Ladislav"]
[Black "Varga, Hynek"]
[Result "0-1"]
[WhiteElo "1549"]
[BlackElo "1473"]
[PlyCount "42"]
[EventDate "2018.??.??"]

1. e4 e5 2. d4 exd4 3. Qxd4 Nc6 4. Qa4 a6 5. Nc3 Bc5 6. Bf4 d6 7. O-O-O Bd7 8.
Nd5 Nge7 9. Bg5 f6 10. Bxf6 gxf6 11. Nxf6+ Kf8 12. e5 Nxe5 13. Qf4 Bf5 14. Qh6+
Kf7 15. Nf3 Nxf3 16. Bc4+ Be6 17. Bxe6+ Kxe6 18. Qg7 Nf5 19. Rhe1+ Nxe1 20.
Rxe1+ Be3+ 21. Rxe3+ Nxe3 0-1

[Event "Velka cena Tabora"]
[Site "?"]
[Date "2018.07.31"]
[Round "4.31"]
[White "Hanzl, Tadeas"]
[Black "Christen, Pierre"]
[Result "0-1"]
[WhiteElo "1614"]
[BlackElo "1923"]
[PlyCount "66"]
[EventDate "2018.??.??"]

1. e4 c6 2. d4 d5 3. f3 dxe4 4. fxe4 e5 5. Nf3 exd4 6. Bc4 Bc5 7. O-O Be6 8.
Bxe6 fxe6 9. Ne5 Nf6 10. Nf7 Kxf7 11. e5 Nbd7 12. exf6 g6 13. Kh1 Re8 14. Nd2
Rf8 15. Ne4 Kg8 16. Bh6 Rf7 17. Bg7 Rxg7 18. fxg7 Kxg7 19. Qg4 e5 20. Qe6 Qe8
21. Nxc5 Nxc5 22. Qf6+ Kg8 23. Rfe1 Nd7 24. Qf3 Qe6 25. c3 Rf8 26. Qe4 Nc5 27.
Qxe5 Rf1+ 28. Rxf1 Qxe5 29. Rae1 Qd6 30. b4 Nd3 31. Re8+ Kg7 32. cxd4 Qxd4 33.
Ref8 Ne5 0-1

[Event "Velka cena Tabora"]
[Site "?"]
[Date "2018.07.31"]
[Round "4.32"]
[White "Korinkova, Eva"]
[Black "Zimovcak, Zdenek"]
[Result "1-0"]
[WhiteElo "1850"]
[BlackElo "1609"]
[PlyCount "40"]
[EventDate "2018.??.??"]

1. e4 e5 2. Nf3 Nc6 3. Bb5 Qe7 4. O-O h6 5. Nc3 Nf6 6. d4 Nxd4 7. Nxd4 exd4 8.
Qxd4 c6 9. Bd3 d6 10. f3 Nd7 11. Bd2 f6 12. Rae1 Ne5 13. Be2 Be6 14. f4 Nd7 15.
Kh1 Qd8 16. Bh5+ Bf7 17. Bxf7+ Kxf7 18. Qc4+ Kg6 19. Ne2 Kh7 20. Ng3 Rg8 1-0

[Event "Velka cena Tabora"]
[Site "?"]
[Date "2018.07.31"]
[Round "4.33"]
[White "Trcka, Bohdan"]
[Black "Habada, Jindrich"]
[Result "1/2-1/2"]
[WhiteElo "1564"]
[BlackElo "1803"]
[PlyCount "123"]
[EventDate "2018.??.??"]

1. e4 c5 2. f4 d5 3. e5 Bf5 4. d3 Nc6 5. Be2 Nd4 6. g4 Nxe2 7. gxf5 Nxc1 8.
Qxc1 e6 9. fxe6 Qh4+ 10. Kf1 fxe6 11. Qd2 Nh6 12. Qf2 Be7 13. Qxh4 Bxh4 14. Nf3
Nf5 15. Ke2 O-O 16. Nbd2 Nd4+ 17. Nxd4 cxd4 18. Rhf1 Rac8 19. Rac1 g5 20. Nb3
gxf4 21. Nxd4 Rf7 22. Kf3 a6 23. Kg4 Bd8 24. Rxf4 Rg7+ 25. Kf3 Bg5 26. Nxe6
Bxf4 27. Nxf4 Rf8 28. Ke3 Rf5 29. d4 Rd7 30. Rg1+ Kf8 31. Rf1 Ke8 32. c3 b5 33.
Rf2 Rg5 34. Ne6 Rg6 35. Nf4 Rg5 36. a3 a5 37. Rg2 Rxg2 38. Nxg2 b4 39. axb4
axb4 40. Nf4 Kd8 41. Nd3 bxc3 42. bxc3 Rc7 43. Kd2 Kd7 44. Nf4 Kc6 45. Kd3 Ra7
46. h4 Rg7 47. Ne2 Rg4 48. h5 Rh4 49. c4 Rxh5 50. cxd5+ Kd7 51. Kc4 Rh2 52. Kd3
h5 53. Nf4 h4 54. Ke4 h3 55. Kf3 Rh1 56. Nd3 h2 57. Nc5+ Ke7 58. Kg2 Rd1 59.
Kxh2 Rxd4 60. Ne6 Rd2+ 61. Kg3 Re2 62. Kg4 {Necitelny zapis} 1/2-1/2

[Event "Velka cena Tabora"]
[Site "?"]
[Date "2018.07.31"]
[Round "4.34"]
[White "Valtr, Filip"]
[Black "Petr, Josef"]
[Result "1-0"]
[WhiteElo "1800"]
[BlackElo "1609"]
[PlyCount "119"]
[EventDate "2018.??.??"]

1. e4 e5 2. Nf3 Nc6 3. d4 exd4 4. Nxd4 Nxd4 5. Qxd4 d6 6. Be2 Qf6 7. Qd3 Ne7 8.
Nc3 c6 9. g3 g5 10. Be3 Ng6 11. Qd2 g4 12. O-O-O Ne5 13. Bd4 Bh6 14. Be3 Bf8
15. h3 Be7 16. Bd4 Qg5 17. hxg4 Qxd2+ 18. Rxd2 Rg8 19. f4 Nxg4 20. Rxh7 Nf6 21.
Rh6 Ng4 22. Rh1 Nf6 23. Bf2 a5 24. a4 Bd7 25. Rg1 Bg4 26. Bxg4 Nxg4 27. Bb6 Ra6
28. Bd4 Ra8 29. Ne2 b5 30. axb5 cxb5 31. b3 b4 32. Kb2 Nf6 33. e5 dxe5 34. Bxe5
Ng4 35. Bd4 Rg6 36. Rh1 Rg8 37. Nc1 Rd8 38. Re1 Kf8 39. Ne2 Rg6 40. Rh1 Rg8 41.
Ra1 Ra8 42. Rdd1 Nf6 43. Rh1 Ne4 44. Rh3 Ra6 45. f5 f6 46. Nf4 Ng5 47. Ng6+
Rxg6 48. Rhh1 Rg8 49. Be3 Bd6 50. Rad1 Be5+ 51. Kb1 Ra8 52. Rd7 Ke8 53. Rhd1
Ne4 54. Kc1 Rxg3 55. Rh7 Rg8 56. Rdd7 Bd6 57. Kd1 Rd8 58. Rb7 Bc5+ 59. Ke2 Bxe3
60. Rbe7+ 1-0

[Event "Velka cena Tabora"]
[Site "?"]
[Date "2018.07.31"]
[Round "4.35"]
[White "Kral, Ladislav"]
[Black "Straka, Zdenek"]
[Result "0-1"]
[WhiteElo "1500"]
[BlackElo "1776"]
[PlyCount "64"]
[EventDate "2018.??.??"]

1. e4 d6 2. d4 Nf6 3. Nc3 Nbd7 4. f4 e5 5. dxe5 dxe5 6. f5 c6 7. Be3 Qc7 8. Bc4
b5 9. Bd3 Bc5 10. Qf3 Bb7 11. Nh3 a6 12. Bxc5 Nxc5 13. Qe3 Ncd7 14. Qg3 g6 15.
fxg6 hxg6 16. Nf2 c5 17. Be2 b4 18. Nd5 Nxd5 19. exd5 Bxd5 20. Bf3 Bxf3 21.
Qxf3 O-O 22. h4 f5 23. Qg3 Rf6 24. h5 Nf8 25. hxg6 Nxg6 26. O-O-O Rd8 27. Rxd8+
Qxd8 28. Nd3 Qe7 29. Rh6 Qg7 30. Rh5 Nf4 31. Rg5 Ne2+ 32. Kd2 Nxg3 0-1

[Event "Velka cena Tabora"]
[Site "?"]
[Date "2018.07.31"]
[Round "4.36"]
[White "Nechutny, Michal"]
[Black "Porazil, Jan Frantisek"]
[Result "1-0"]
[WhiteElo "1746"]
[BlackElo "1334"]
[PlyCount "89"]
[EventDate "2018.??.??"]

1. e4 e5 2. Nf3 Nc6 3. Bb5 a6 4. Ba4 Nf6 5. O-O Be7 6. Re1 b5 7. Bb3 O-O 8. c3
d6 9. h3 Be6 10. Bc2 Nb8 11. d4 Bc8 12. dxe5 dxe5 13. Qxd8 Rxd8 14. Nxe5 Bd6
15. Nf3 Bc5 16. Bg5 Re8 17. Nbd2 Bb7 18. Bf4 Bb6 19. a4 bxa4 20. Bxa4 Re6 21.
Bb3 Re8 22. Ne5 Re7 23. Rad1 Nbd7 24. Nxd7 Rxd7 25. Ba4 Re7 26. Bg5 Rd8 27. e5
Rd5 28. Nc4 Re6 29. Nxb6 Rxb6 30. exf6 gxf6 31. Rxd5 Bxd5 32. Bh6 Be6 33. b4
Rd6 34. Bb3 Rc6 35. Rd1 Rd6 36. Rxd6 cxd6 37. Bxe6 fxe6 38. f3 Kf7 39. c4 e5
40. Kf2 Ke6 41. Ke3 d5 42. cxd5+ Kxd5 43. Bg7 f5 44. g4 f4+ 45. Kd3 1-0

[Event "Velka cena Tabora"]
[Site "?"]
[Date "2018.07.31"]
[Round "4.37"]
[White "Kuta, Miroslav"]
[Black "Zilava, Anezka"]
[Result "1-0"]
[WhiteElo "1725"]
[BlackElo "1322"]
[PlyCount "67"]
[EventDate "2018.??.??"]

1. d4 d5 2. c4 e6 3. Nc3 Bb4 4. Nf3 Nf6 5. Qb3 Nc6 6. Bg5 b6 7. a3 Bxc3+ 8.
bxc3 Ne7 9. cxd5 Qxd5 10. Qxd5 Nfxd5 11. c4 Nf6 12. Rc1 Ne4 13. Bf4 c6 14. e3
Ng6 15. Bd3 Nxf4 16. Bxe4 Nxg2+ 17. Kf1 Nxe3+ 18. fxe3 Bb7 19. Rg1 f5 20. Bd3
O-O 21. Kf2 Rad8 22. c5 b5 23. Bc2 a5 24. Bb3 Rf6 25. Rg2 a4 26. Ba2 Kh8 27.
Rcg1 g6 28. h4 Rd7 29. Ne5 Rg7 30. h5 f4 31. e4 Bc8 32. hxg6 Rg8 33. g7+ Rxg7
34. Rxg7 1-0

[Event "Velka cena Tabora"]
[Site "?"]
[Date "2018.07.31"]
[Round "4.38"]
[White "Abraham, Karel"]
[Black "Cernik, Rudolf"]
[Result "0-1"]
[WhiteElo "1676"]
[BlackElo "1268"]
[PlyCount "90"]
[EventDate "2018.??.??"]

1. e4 e5 2. Nf3 Nc6 3. d4 exd4 4. Bc4 Nf6 5. e5 d5 6. Bb5 Ne4 7. Nxd4 Bd7 8.
Bxc6 bxc6 9. O-O Bc5 10. Be3 O-O 11. f3 Ng5 12. f4 Ne4 13. Nd2 f5 14. Nxe4 fxe4
15. f5 Bxd4 16. Bxd4 Rxf5 17. Rxf5 Bxf5 18. Qd2 Qe7 19. Rf1 c5 20. Rxf5 cxd4
21. Qxd4 Qe6 22. Rf1 Qb6 23. c3 Re8 24. b4 Rxe5 25. a4 Re6 26. Rd1 Re5 27. Qxb6
cxb6 28. Kf2 Kf7 29. Ke3 Ke6 30. Rd4 Rg5 31. c4 Rxg2 32. cxd5+ Kd6 33. h4 Rg4
34. Rxe4 Rxe4+ 35. Kxe4 g6 36. Kd4 a6 37. Kc4 h6 38. Kd4 g5 39. h5 g4 40. Ke4
g3 41. Kf3 g2 42. Kxg2 Kxd5 43. Kf3 Kc4 44. Kf4 Kxb4 45. Kf5 Kxa4 0-1

[Event "Velka cena Tabora"]
[Site "?"]
[Date "2018.07.31"]
[Round "4.39"]
[White "Rolinkova, Adela"]
[Black "Tumova, Anna"]
[Result "0-1"]
[WhiteElo "1129"]
[BlackElo "1648"]
[PlyCount "84"]
[EventDate "2018.??.??"]

1. e4 e6 2. d4 d5 3. exd5 exd5 4. Bd3 Bd6 5. Nf3 Nf6 6. O-O O-O 7. Be3 Bg4 8.
h3 Bh5 9. Nbd2 Re8 10. c3 Qe7 11. Qc2 Ne4 12. Bxe4 dxe4 13. Ne1 Be2 14. Nb3
Bxf1 15. Kxf1 Nd7 16. c4 c6 17. c5 Bc7 18. Qd2 Nf6 19. Nc2 Nd5 20. Nb4 Rad8 21.
Bg5 f6 22. Nxd5 Rxd5 23. Be3 Qf7 24. Rc1 f5 25. Bf4 Bd8 26. Qc3 Qh5 27. Qg3 Bh4
28. Qe3 g5 29. Bh2 f4 30. Qe2 Qf7 31. Rd1 f3 32. gxf3 exf3 33. Qd3 Re2 34. Rd2
Bxf2 35. Rxe2 fxe2+ 36. Kxe2 Rf5 37. Be5 Bg1 38. Bg3 Rf6 39. Kd2 Rf3 40. Qe4
Rxg3 41. Kc2 Qc4+ 42. Kb1 Re3 0-1

[Event "Velka cena Tabora"]
[Site "?"]
[Date "2018.07.31"]
[Round "4.40"]
[White "Severa, Jiri"]
[Black "Nagyova, Daniela"]
[Result "0-1"]
[WhiteElo "1633"]
[BlackElo "1238"]
[PlyCount "26"]
[EventDate "2018.??.??"]

1. d4 Nf6 2. Nf3 g6 3. c4 Bg7 4. Nc3 O-O 5. e3 d6 6. Be2 Nbd7 7. O-O e5 8. Qc2
Re8 9. dxe5 Nxe5 10. b3 Bf5 11. Qd2 Ne4 12. Qe1 Nxf3+ 13. Bxf3 Bxc3 0-1

[Event "Velka cena Tabora"]
[Site "?"]
[Date "2018.08.01"]
[Round "5.31"]
[White "Cernik, Rudolf"]
[Black "Korinkova, Eva"]
[Result "0-1"]
[WhiteElo "1268"]
[BlackElo "1850"]
[PlyCount "60"]
[EventDate "2018.??.??"]

1. e4 c5 2. Nf3 Nc6 3. c3 g6 4. Bc4 Bg7 5. d3 Na5 6. Bb5 Nf6 7. Bg5 O-O 8. O-O
Qb6 9. Na3 a6 10. e5 axb5 11. exf6 exf6 12. Be3 d6 13. b4 Nc6 14. bxc5 dxc5 15.
Qb3 Bf5 16. Rfd1 Rfd8 17. d4 Na5 18. Qxb5 Qxb5 19. Nxb5 cxd4 20. Rxd4 Rxd4 21.
Nbxd4 Be4 22. Nd2 f5 23. f3 Bd5 24. a3 Nc4 25. Nxc4 Bxc4 26. Kf2 Ra4 27. Nc2
Bxc3 28. Rb1 Ba6 29. Rb3 Bf6 30. Bc5 Rc4 0-1

[Event "Velka cena Tabora"]
[Site "?"]
[Date "2018.08.04"]
[Round "8.31"]
[White "Hanzl, Tadeas"]
[Black "Hercik, Josef"]
[Result "1/2-1/2"]
[WhiteElo "1614"]
[BlackElo "1871"]
[PlyCount "81"]
[EventDate "2018.??.??"]

1. e4 e5 2. Nf3 d6 3. d4 Nd7 4. Bc4 c6 5. dxe5 dxe5 6. O-O Be7 7. Nc3 Ngf6 8.
Bg5 O-O 9. a4 Qc7 10. Qe2 a5 11. Rfd1 Nc5 12. b3 Be6 13. Rd2 Rad8 14. Rad1 Rxd2
15. Rxd2 Rd8 16. Rxd8+ Bxd8 17. h3 Be7 18. Bh4 h6 19. Nd2 Qd6 20. Bxe6 Nxe6 21.
Bxf6 Bxf6 22. Nc4 Qd4 23. Qe3 Bd8 24. Qxd4 Nxd4 25. Ne3 Bg5 26. Ncd1 Kf8 27.
Kf1 Ke7 28. Ke1 b6 29. Kd2 f5 30. Kd3 Ke6 31. f3 Bd8 32. Nc3 Bc7 33. Ne2 Nxe2
34. Kxe2 f4 35. Nd1 Kd6 36. Kd3 Kc5 37. Kc3 b5 38. Nf2 Bd6 39. Nd3+ Kb6 40. Kb2
c5 41. Kc1 1/2-1/2

[Event "Velka cena Tabora"]
[Site "?"]
[Date "2018.08.04"]
[Round "8.32"]
[White "Herynek, Petr"]
[Black "Habada, Jindrich"]
[Result "1-0"]
[WhiteElo "1566"]
[BlackElo "1803"]
[PlyCount "67"]
[EventDate "2018.??.??"]

1. Nf3 d5 2. g3 Nf6 3. Bg2 Nc6 4. O-O Bg4 5. d3 g6 6. h3 Bf5 7. Nh4 Be6 8. Nd2
Bg7 9. e4 Qd7 10. Kh2 g5 11. Nhf3 g4 12. Ng5 h5 13. h4 O-O-O 14. Re1 Nh7 15.
Nxe6 fxe6 16. Nb3 Nf8 17. c3 Ng6 18. d4 Rdf8 19. Nc5 Qd6 20. e5 Ncxe5 21. dxe5
Qxc5 22. Be3 Qb5 23. Bd4 c5 24. a4 Qc6 25. Rc1 Kb8 26. Qd3 Rf5 27. Be3 Nxe5 28.
Qd1 Rhf8 29. Bf4 Rxf4 30. gxf4 Rxf4 31. Kg1 Bh6 32. Rxe5 Rxa4 33. Rc2 Qd6 34.
Ree2 1-0

[Event "Velka cena Tabora"]
[Site "?"]
[Date "2018.08.04"]
[Round "8.33"]
[White "Vojta, Ladislav"]
[Black "Prochazka, Pavel"]
[Result "0-1"]
[WhiteElo "1468"]
[BlackElo "1711"]
[PlyCount "86"]
[EventDate "2018.??.??"]

1. f4 Nc6 2. Nf3 d6 3. e3 Bg4 4. Be2 e5 5. d4 exf4 6. exf4 Nf6 7. c3 g6 8. O-O
Bg7 9. Ng5 Qd7 10. Bxg4 Nxg4 11. Re1+ Kf8 12. h3 Nf6 13. Nd2 h6 14. Nge4 Re8
15. Nxf6 Rxe1+ 16. Qxe1 Bxf6 17. Nf3 Kg7 18. Qf2 Re8 19. Be3 b5 20. a3 Qe6 21.
Re1 a5 22. Bd2 Qd7 23. Rxe8 Qxe8 24. d5 Ne7 25. Qe3 Qa8 26. Nd4 Qxd5 27. b4 a4
28. g4 Nc6 29. Nf3 Kh7 30. h4 Bg7 31. f5 gxf5 32. g5 Qe4 33. Qf2 Qd3 34. h5
Bxc3 35. Bxc3 Qxc3 36. Qg2 Qc1+ 37. Kh2 Qf4+ 38. Kg1 Qg4 39. g6+ fxg6 40. hxg6+
Kxg6 41. Nh4+ Kf6 42. Qxg4 fxg4 43. Kf2 Ke5 0-1

[Event "Velka cena Tabora"]
[Site "?"]
[Date "2018.08.04"]
[Round "8.34"]
[White "Cipera, Josef"]
[Black "Nagyova, Daniela"]
[Result "1-0"]
[WhiteElo "1688"]
[BlackElo "1238"]
[PlyCount "41"]
[EventDate "2018.??.??"]

1. d4 Nf6 2. Bf4 g6 3. e3 Bg7 4. Nf3 O-O 5. c4 d6 6. h3 Re8 7. Nc3 Nc6 8. d5 e5
9. Bg5 Nb8 10. e4 Nbd7 11. Bd3 Nc5 12. Bc2 c6 13. O-O h6 14. Bxf6 Qxf6 15. dxc6
bxc6 16. b4 Na6 17. a3 Qe7 18. b5 cxb5 19. Nd5 Qd7 20. cxb5 Qxb5 21. Ba4 1-0

[Event "Velka cena Tabora"]
[Site "?"]
[Date "2018.08.04"]
[Round "8.35"]
[White "Varga, Hynek"]
[Black "Janousek, Petr"]
[Result "0-1"]
[WhiteElo "1473"]
[BlackElo "1659"]
[PlyCount "76"]
[EventDate "2018.??.??"]

1. d4 d5 2. Nf3 Nf6 3. e3 e6 4. c4 c6 5. Nc3 Nbd7 6. Bd3 dxc4 7. Bxc4 b5 8. Bd3
a6 9. a3 c5 10. dxc5 Nxc5 11. Bc2 Bb7 12. b4 Nce4 13. Nxe4 Qxd1+ 14. Bxd1 Nxe4
15. Bb2 Bd6 16. O-O O-O 17. Bb3 Rac8 18. Rac1 Rfd8 19. Rxc8 Rxc8 20. Rc1 Rxc1+
21. Bxc1 Be7 22. Bb2 Nd6 23. Nd2 Bd5 24. Bc3 Kf8 25. f3 Bxb3 26. Nxb3 Nc4 27.
Nc5 Bxc5 28. bxc5 Nxe3 29. c6 Nd5 30. Ba5 Ke7 31. Kf2 Kd6 32. c7 Nxc7 33. Bxc7+
Kxc7 34. Ke3 Kd6 35. f4 Kd5 36. Kd3 h5 37. h4 f5 38. g3 a5 0-1

[Event "Velka cena Tabora"]
[Site "?"]
[Date "2018.08.04"]
[Round "8.36"]
[White "Svec, Vitezslav"]
[Black "Havelkova, Beata"]
[Result "1-0"]
[WhiteElo "1632"]
[BlackElo "1100"]
[PlyCount "74"]
[EventDate "2018.??.??"]

1. d4 d5 2. Bf4 c5 3. e3 Nc6 4. c3 Nf6 5. Nd2 e6 6. Bd3 Bd6 7. Bg3 O-O 8. Ngf3
b6 9. Ne5 Bb7 10. O-O Qc7 11. f4 Nd7 12. Qh5 g6 13. Qh6 f6 14. Nxg6 Rf7 15. Nh4
Bf8 16. Qh5 Rg7 17. Rf3 f5 18. Bf2 Nf6 19. Qh6 Rg6 20. Qxg6+ hxg6 21. Nxg6 Kf7
22. Rg3 Bg7 23. c4 dxc4 24. Nxc4 Ng4 25. Nge5+ Ncxe5 26. dxe5 Nxf2 27. Kxf2 Bf8
28. Rh3 Qc6 29. Bf1 Rd8 30. Rh7+ Kg8 31. Rh3 Rd7 32. e4 Qxe4 33. Re1 Qc2+ 34.
Kg1 Rg7 35. Ne3 Qxb2 36. Re2 Qd4 37. Kh1 Qxf4 1-0

[Event "Velka cena Tabora"]
[Site "?"]
[Date "2018.08.04"]
[Round "8.37"]
[White "Cernik, Rudolf"]
[Black "Severa, Jiri"]
[Result "1-0"]
[WhiteElo "1268"]
[BlackElo "1536"]
[PlyCount "45"]
[EventDate "2018.??.??"]

1. e4 d5 2. exd5 Qxd5 3. Nc3 Qa5 4. d4 c6 5. Bc4 Nf6 6. Nf3 Bg4 7. Bd2 Qc7 8.
Qe2 Nbd7 9. h3 Bf5 10. Bb3 h6 11. O-O Nb6 12. Ne5 Nbd5 13. Rae1 Be6 14. Nxd5
cxd5 15. Ng6 Rg8 16. f4 Bf5 17. Ba4+ Kd8 18. Ne5 e6 19. g4 Be4 20. g5 hxg5 21.
fxg5 Rh8 22. Bf4 Ne8 23. Nc6+ 1-0

[Event "Velka cena Tabora"]
[Site "?"]
[Date "2018.08.04"]
[Round "8.38"]
[White "Cieslak, Leszek"]
[Black "Chval, Zdenek ml."]
[Result "0-1"]
[WhiteElo "1926"]
[BlackElo "1360"]
[PlyCount "36"]
[EventDate "2018.??.??"]

1. e4 e5 2. Nf3 Nc6 3. Bc4 Bc5 4. b4 Bxb4 5. c3 Ba5 6. d4 exd4 7. O-O Nf6 8.
Ba3 d6 9. e5 d5 10. Bb5 Ne4 11. Qa4 Bxc3 12. Nxd4 Bxa1 13. Nxc6 Qg5 14. f4 Qg4
15. Ne7+ Bd7 16. Nxd5 O-O-O 17. Rc1 Bxb5 18. Qxa7 Rxd5 0-1

[Event "Velka cena Tabora"]
[Site "?"]
[Date "2018.08.04"]
[Round "8.39"]
[White "Rolinkova, Lucie"]
[Black "Abraham, Karel"]
[Result "1-0"]
[WhiteElo "1540"]
[BlackElo "1676"]
[PlyCount "64"]
[EventDate "2018.??.??"]

1. e4 e6 2. d4 d5 3. Nd2 Nf6 4. e5 Nfd7 5. Bd3 c5 6. c3 Nc6 7. Ne2 Qb6 8. Nf3
cxd4 9. cxd4 Bb4+ 10. Bd2 Bxd2+ 11. Qxd2 f6 12. exf6 Nxf6 13. O-O O-O 14. Rfe1
Bd7 15. Rac1 Rac8 16. a3 a5 17. Bb1 a4 18. Nf4 Na5 19. Rxc8 Rxc8 20. Ne5 Nc4
21. Nxd7 Nxd7 22. Qc2 Nf6 23. Rxe6 Qxb2 24. h3 Qxd4 25. Rxf6 Qe4 26. Qxe4 dxe4
27. Re6 Nxa3 28. Bxe4 b5 29. Rb6 g6 30. Bc6 Rxc6 31. Rxc6 b4 32. Ra6 b3 1-0

[Event "Velka cena Tabora"]
[Site "?"]
[Date "2018.08.04"]
[Round "8.40"]
[White "Kral, Ladislav"]
[Black "Petr, Josef"]
[Result "0-1"]
[WhiteElo "1500"]
[BlackElo "1608"]
[PlyCount "58"]
[EventDate "2018.??.??"]

1. e4 d6 2. d4 Nf6 3. Nc3 g6 4. f4 Bg7 5. Nf3 Bg4 6. Be2 Nc6 7. d5 Nb8 8. Be3
c6 9. h3 Bd7 10. g4 Qa5 11. O-O Qc7 12. g5 Nh5 13. Kg2 Bxc3 14. bxc3 c5 15. Nh4
Ng7 16. Bg4 b5 17. Bxd7+ Nxd7 18. f5 O-O-O 19. f6 exf6 20. gxf6 Nh5 21. Qf3
Rde8 22. Qg4 Kb8 23. Bg1 Ndxf6 24. Qf3 Rxe4 25. Rae1 Rxh4 26. Bh2 Qd7 27. Bg3
Qxh3+ 28. Kf2 Ng4+ 29. Ke2 Nxg3+ 0-1

[Event "Velka cena Tabora"]
[Site "?"]
[Date "2018.08.01"]
[Round "5.34"]
[White "Cieslak, Leszek"]
[Black "Trcka, Bohdan"]
[Result "0-1"]
[WhiteElo "1926"]
[BlackElo "1564"]
[PlyCount "122"]
[EventDate "2018.??.??"]

1. e4 g6 2. d4 Bg7 3. c3 d6 4. Bd3 e5 5. h3 a6 6. Nf3 Nc6 7. O-O exd4 8. cxd4
Bxd4 9. Nxd4 Nxd4 10. f4 Nc6 11. f5 Ne5 12. Bc2 Bd7 13. Bb3 f6 14. Nc3 Rc8 15.
fxg6 hxg6 16. Be3 b5 17. Nd5 Bxh3 18. gxh3 Rxh3 19. Kg2 Rh4 20. Rf4 Rxf4 21.
Bxf4 c6 22. Ne3 Ne7 23. Bxe5 dxe5 24. Qg4 Qd2+ 25. Kf3 Qh2 26. Rd1 Qf4+ 27.
Qxf4 exf4 28. Kxf4 g5+ 29. Kf3 c5 30. Rd6 c4 31. Bc2 Rc6 32. Rxc6 Nxc6 33. Nd5
Kf7 34. Nc7 Nd4+ 35. Kg4 Nxc2 36. Nxa6 Ne3+ 37. Kf3 Nd1 38. Nc7 b4 39. Na6 b3
40. axb3 cxb3 41. Nc5 Nxb2 42. Nxb3 Nd3 43. Nd4 Nc5 44. Ke3 Kg6 45. Nf3 g4 46.
Nd4 Kh5 47. Kf4 Kh4 48. Kf5 g3 49. Nf3+ Kh3 50. Kxf6 Nxe4+ 51. Kf5 Nc3 52. Kf4
Nd5+ 53. Ke4 Nf6+ 54. Ke3 Kg2 55. Nh4+ Kh3 56. Nf3 Ng4+ 57. Ke2 g2 58. Ke1 Kg3
59. Ng1 Ne5 60. Ke2 Kh2 61. Kf2 Nd3+ 0-1